[Event "Armstrong Cup 1718"]
[Site "Curragh"]
[Date "2017.11.11"]
[Round "4.7"]
[White "Boland, Dylan"]
[Black "Murphy, Cian"]
[Result "0-1"]
[WhiteElo "1871"]
[BlackElo "1768"]
[PlyCount "87"]
[EventDate "2017.09.16"]
[EventType "team-tourn"]
[EventRounds "11"]
[EventCountry "IRL"]
[SourceTitle "EXT 2023"]
[Source "ChessBase"]
[SourceDate "2022.10.05"]
[SourceVersion "1"]
[SourceVersionDate "2022.10.05"]
[SourceQuality "1"]
[WhiteTeam "St Benildus"]
[BlackTeam "Curragh"]
[WhiteTeamCountry "IRL"]
[BlackTeamCountry "IRL"]

1. d4 d5 2. c4 e6 3. Nf3 Nf6 4. Nc3 Be7 5. Bg5 0-0 6. e3 Nbd7 7. Qc2 c6 8. Bd3 dxc4 9. Bxc4 Nd5 10. h4 Re8 11. e4 Nxc3 12. bxc3 b6 13. 0-0 h6 14. Bxe7 Rxe7 15. d5 exd5 16. exd5 Qc7 17. Rfe1 Rxe1+ 18. Rxe1 Nf6 19. dxc6 Bg4 20. Ne5 Re8 21. f4 Be6 22. Bxe6 Rxe6 23. Rd1 Rd6 24. Rxd6 Qxd6 25. Qd3 Qa3 26. Qd8+ Kh7 27. Qd3+ Kg8 28. Qc4 Qc1+ 29. Kh2 Qe1 30. Qxf7+ Kh8 31. Qe6 Qxh4+ 32. Qh3 Qxf4+ 33. Qg3 Qf5 34. c7 Qh5+ 35. Kg1 Qd1+ 36. Kh2 Qh5+ 37. Kg1 Qd1+ 38. Kf2 Ne4+ 39. Ke3 Nxg3 40. c8Q+ Kh7 41. Kf2 Ne4+ 42. Ke3 Nd6 43. Qd7 Nc4+ 44. Kf4 0-1

[Event "Armstrong Cup 1718"]
[Site "Curragh"]
[Date "2017.11.04"]
[Round "5.6"]
[White "Murphy, Cian"]
[Black "Scott, Luke"]
[Result "1/2-1/2"]
[WhiteElo "1768"]
[BlackElo "1725"]
[PlyCount "61"]
[EventDate "2017.09.16"]
[EventType "team-tourn"]
[EventRounds "11"]
[EventCountry "IRL"]
[SourceTitle "EXT 2023"]
[Source "ChessBase"]
[SourceDate "2022.10.05"]
[SourceVersion "1"]
[SourceVersionDate "2022.10.05"]
[SourceQuality "1"]
[WhiteTeam "Curragh"]
[BlackTeam "TCD"]
[WhiteTeamCountry "IRL"]
[BlackTeamCountry "IRL"]

1. e4 e6 2. d4 d5 3. e5 c5 4. c3 Nc6 5. Nf3 Qb6 6. Bd3 Bd7 7. 0-0 cxd4 8. cxd4 Nxd4 9. Nbd2 Nxf3+ 10. Nxf3 Bb5 11. Be3 Qa6 12. Bxb5+ Qxb5 13. Nd4 Qd7 14. Rc1 Ne7 15. Qb3 Nc6 16. Nxc6 bxc6 17. Qa4 c5 18. Qxd7+ Kxd7 19. Bxc5 Bxc5 20. Rxc5 Rhc8 21. Rfc1 Rxc5 22. Rxc5 Rc8 23. Rxc8 Kxc8 24. Kf1 Kc7 25. Ke2 Kc6 26. Kd3 Kc5 27. a3 a5 28. b3 f6 29. exf6 gxf6 30. f4 h5 31. g3 1/2-1/2